| 000 | 00588nam a2200205Ii 4500 | ||
|---|---|---|---|
| 003 | JO-AjNU | ||
| 008 | 230606s9999||||xx |||||||||||||| ||und|| | ||
| 017 | _a703/6/1997 | ||
| 040 |
_aJO-AjNU _beng _erda _cJO-AjNU |
||
| 041 | _aeng | ||
| 050 | 1 | 4 | _aQH323.5.A22.1997 |
| 100 | 3 |
_aAbdel Rahman,mohamad, _eauthor _92755 |
|
| 245 | 0 | 0 | _aBASIC OF BIOSTATISTICS |
| 264 | 3 | 1 | _aAmman:dar al massiri,1997 |
| 300 | _a231p | ||
| 336 |
_atext _btxt _2rdacontent |
||
| 337 |
_aunmediated _bn _2rdamedia |
||
| 338 |
_avolume _bnc _2rdacarrier |
||
| 650 | 4 |
_a Pharmacy -- Statistical methods. _92756 |
|
| 999 |
_aE1442 _c1442 _d1442 |
||